[Event "Défi( 10J+24H/c 10J Max )"]
[Site "www.echecsemail.com"]
[Date "2026.02.13"]
[Round "1"]
[White "Titit1"]
[Black "Luc20"]
[WhiteElo "1440"]
[BlackElo "1840"]
[Result "0-1"]
1.d4 d5
2.Ng1f3 Ng8f6
3.Bc1f4 Nb8d7
4.Nb1c3 c6
5.e3 Nf6h5
6.Bf4g5 h6
7.Bg5h4 g5
8.Bh4g3 Bf8g7
9.Bf1d3 Nd7b6
10.Nf3e5 Nh5xg3
11.hxg3 Qd8d6
12.Qd1e2 Nb6d7
13.O-O-O Nd7xe5
14.dxe5 Qd6xe5
15.Nc3a4 b5
16.Na4c3 O-O
17.g4 b4
18.Nc3b1 Qe5xb2
19.Kd2 Qb2xa2
20.Ke1 Qa2a5
21.Kf1 c5
22.g3 Bc8b7
23.Nb1d2 Qa5c7
24.Kg2 d4
25.Kg1 Bb7xh1
26.Kxh1 a5
27.Bd3e4 Ra8a7
28.Qe2d3 Rf8b8
29.f4 a4
30.Kg2 a3
31.Qd3c4 dxe3
32.Nd2f3 gxf4
33.Be4g6 e6
34.Bg6h5 fxg3
35.Qc4e4 a2
36.g5 a1Q
37.Rd1xa1 Ra7xa1
38.gxh6 Bg7xh6
39.Qe4g4 Bh6g7
40.Nf3g5 Qc7b7
41.Kxg3 Ra1g1
42.Kh2 Rg1xg4
43.Bh5xg4 Bg7e5
44.Kg1 Qb7d5
45.Ng5f3 Qd5e4
46.Nf3xe5 Qe4xe5
47.Bg4e2 Qe5g3
48.Kf1 Qg3f2
0-1

[Event "Eq:modesty-O fou d hello :"]
[Site "www.echecsemail.com"]
[Date "2026.02.13"]
[Round "1"]
[White "Cobraxx10"]
[Black "Junior1966"]
[WhiteElo "2150"]
[BlackElo "1490"]
[Result "1-0"]
1.e4 e5
2.d4 exd4
3.Qd1xd4 Nb8c6
4.Qd4e3 Ng8f6
5.Nb1c3 b6
6.Bc1d2 Bf8c5
7.Qe3g3 O-O
8.O-O-O g6
9.Bd2g5 Rf8e8
10.Nc3d5 Bc5e7
11.Bg5xf6 Be7xf6
12.Qg3xc7 Re8xe4
13.Qc7xd8 Nc6xd8
14.Nd5xf6 Kg7
15.Nf6xe4 Nd8c6
16.Ng1f3 a6
17.Bf1c4 Nc6e5
18.Nf3xe5 b5
19.Bc4d5 Ra8b8
20.Rh1e1 f6
21.Ne5d3 d6
22.Ne4xd6 Bc8f5
23.Nd6xf5 gxf5
24.Re1e7 Kg6
25.h4 a5
26.f4 Rb8f8
27.h5 Kh6
28.Re7f7 Rf8d8
29.Bd5f3 Rd8d4
30.Rf7xf6 Kg7
31.Rf6xf5 b4
32.Rf5xa5 h6
33.g4 b3
34.axb3 Rd4d8
35.Nd3e5 Rd8f8
36.Rd1d7 Kh8
37.Ne5g6 Kg8
38.Ng6xf8 Kxf8
39.Ra5a8 1-0

[Event "Tournoi n27441"]
[Site "www.echecsemail.com"]
[Date "2026.02.13"]
[Round "1"]
[White "Patbe"]
[Black "Ozon"]
[WhiteElo "1530"]
[BlackElo "1620"]
[Result "1-0"]
1.e4 e5
2.Qd1h5 d6
3.Bf1c4 Qd8e7
4.d3 Ng8f6
5.Qh5f3 Nb8c6
6.Bc1g5 h6
7.Bg5xf6 Qe7xf6
8.Bc4b5 Bc8d7
9.Qf3xf6 gxf6
10.Nb1c3 Rh8g8
11.g3 O-O-O
12.Nc3d5 Bf8g7
13.Bb5xc6 Rd8e8
14.Bc6xd7 Kxd7
15.Ng1f3 h5
16.O-O-O c6
17.Nd5c3 b5
18.Kb1 a5
19.h4 Bg7h6
20.a3 b4
21.axb4 axb4
22.Nc3a4 Re8b8
23.b3 Rb8b5
24.d4 Rg8a8
25.Na4b2 Rb5a5
26.c3 bxc3
27.Nb2a4 Ra8b8
28.Kc2 Ra5b5
29.dxe5 fxe5
30.Rd1b1 Rb5b4
31.Rh1d1 Rb4xe4
32.Na4c5 { abandon }1-0

[Event "Défi"]
[Site "www.echecsemail.com"]
[Date "2026.02.13"]
[Round "1"]
[White "Lancov"]
[Black "Xercott"]
[WhiteElo "1940"]
[BlackElo "1800"]
[Result "0-1"]
1.e4 e5
2.Ng1f3 Nb8c6
3.d4 exd4
4.Bf1c4 d6
5.c3 Nc6a5
6.Bc4d3 Bc8g4
7.h3 Bg4xf3
8.Qd1xf3 Qd8f6
9.Qf3d1 Ng8e7
10.O-O Ne7g6
11.f4 Na5c6
12.Qd1e1 O-O-O
13.a3 Qf6h4
14.Qe1e2 Rd8e8
15.f5 Ng6e5
16.Bd3c2 d3
17.Bc2xd3 Ne5xd3
18.Qe2xd3 Nc6e5
19.Qd3e2 Bf8e7
20.Nb1d2 h5
21.Nd2f3 Qh4g3
22.Bc1d2 Kb8
23.Bd2e1 Ne5xf3
24.Rf1xf3 Qg3e5
25.Be1f2 d5
26.Ra1e1 Be7d6
27.Bf2g3 Qe5xe4
28.Rf3e3 Qe4xe3
29.Qe2xe3 Re8xe3
30.Re1xe3 Bd6c5
31.Bg3f2 Bc5xe3
32.Bf2xe3 c6
33.Be3d4 Rh8g8
34.Kf2 g6
35.f6 Rg8e8
36.Kf3 Re8e1
37.Kf4 Kc7
38.Kg5 b6
39.Kh6 Kd7
40.Kg7 Ke6
41.b4 Re1e2
42.g4 hxg4
43.hxg4 Re2g2
{ abandon }0-1

[Event "Tournoi n27470"]
[Site "www.echecsemail.com"]
[Date "2026.02.13"]
[Round "1"]
[White "Tiounet"]
[Black "Jlr"]
[WhiteElo "1590"]
[BlackElo "1440"]
[Result "1-0"]
1.a3 e5
2.b4 d5
3.Bc1b2 d4
4.Ng1f3 Nb8c6
5.g3 Bc8g4
6.Bf1g2 Ng8f6
7.b5 Nc6a5
8.Nf3xe5 Bg4e6
9.O-O Qd8d6
10.Ne5f3 c5
11.a4 Na5c4
12.Qd1c1 Nf6g4
13.d3 Nc4e5
14.Nf3xe5 Ra8b8
15.Ne5f3 f5
16.c3 h6
17.cxd4 cxd4
18.Nf3xd4 Rb8c8
19.Qc1d1 Qd6b4
20.Nd4xe6 Qb4xb2
21.Nb1d2 Bf8b4
22.Nd2c4 Qb2f6
23.Ne6f4 Bb4c5
24.Nf4d5 Qf6d4
25.Nd5f4 Ng4xf2
26.Rf1xf2 g5
27.Nf4h5 Qd4xf2
28.Kh1 Bc5d4
29.Nc4d6 Kd7
30.Nd6xc8 Rh8xc8
31.Ra1b1 b6
32.Qd1b3 Rc8e8
33.Bg2c6 Ke7
34.Bc6xe8 Kxe8
35.Qb3g8 Kd7
36.Qg8f7 Kd6
37.Nh5f6 Qf2xe2
38.Qf7d7 Kc5
39.Rb1c1 Kb4
40.Qd7xd4 Ka3
41.Qd4a1 Kb4
42.Nf6d5 Ka5
43.Qa1c3 Kxa4
44.Qc3b4 1-0

[Event "Défi"]
[Site "www.echecsemail.com"]
[Date "2026.02.13"]
[Round "1"]
[White "Kinkin"]
[Black "Gediato30"]
[WhiteElo "1950"]
[BlackElo "2140"]
[Result "1-0"]
1.e4 d6
2.d4 Ng8f6
3.Nb1c3 g6
4.Bc1g5 Bf8g7
5.Qd1d2 h6
6.Bg5f4 Nb8c6
7.d5 Nc6e5
8.Bf4xe5 dxe5
9.Ng1f3 Nf6d7
10.O-O-O a5
11.Bf1b5 O-O
12.Nc3a4 Nd7f6
13.Qd2e2 Bc8d7
14.Bb5xd7 Nf6xd7
15.Qe2b5 Qd8c8
16.Rd1d3 Nd7f6
17.Rh1e1 c6
18.Qb5c5 Qc8c7
19.dxc6 Ra8a6
20.Qc5xe5 Qc7xe5
21.Nf3xe5 bxc6
22.Na4c5 Ra6a7
23.Ne5d7 Nf6xd7
24.Nc5xd7 Rf8e8
25.f4 a4
26.e5 g5
27.g3 Kh7
28.e6 Ra7a5
29.exf7 Re8c8
30.Re1xe7 { abandon }1-0

[Event "Défi"]
[Site "www.echecsemail.com"]
[Date "2026.02.13"]
[Round "1"]
[White "Den"]
[Black "Tartu"]
[WhiteElo "1910"]
[BlackElo "1730"]
[Result "1-0"]
1.f4 e5
2.fxe5 d6
3.Ng1f3 Bc8g4
4.e3 dxe5
5.Bf1e2 Nb8c6
6.O-O Ng8f6
7.c3 Bf8d6
8.d4 e4
9.Nf3d2 Bg4xe2
10.Qd1xe2 O-O
11.Rf1f2 Qd8e7
12.Nd2f1 Ra8e8
13.Nb1d2 Nf6d5
14.Qe2b5 Nd5b6
15.b3 a6
16.Qb5e2 Qe7h4
17.c4 Nb6d7
18.c5 Bd6e7
19.Rf2f4 Qh4g5
20.Nd2xe4 Qg5g6
21.Rf4g4 Qg6e6
22.Ne4g5 Be7xg5
23.Rg4xg5 Nc6xd4
24.Qe2f2 Nd4c6
25.Bc1b2 f6
26.Rg5f5 Nc6e5
27.Qf2c2 Ne5g6
28.Bb2d4 c6
29.Nf1g3 Nd7e5
30.Ra1f1 Kh8
31.Rf5h5 Qe6g4
32.Rf1f4 Qg4e6
33.Rf4f1 Qe6g4
34.Rh5f5 Ng6e7
35.Bd4xe5 Ne7xf5
36.Ng3xf5 Re8xe5
37.Nf5d6 Re5e7
38.Qc2d3 Rf8e8
39.Nd6xe8 Re7xe8
40.Rf1d1 h5
41.Qd3d4 Re8xe3
42.Qd4xg4 hxg4
43.Kf2 Re3e7
44.Rd1d4 f5
45.b4 Kh7
46.a4 Kg6
47.g3 Kf6
48.Rd4d6 Re7e6
49.Rd6d4 g5
50.Rd4d7 Re6e7
51.Rd7d4 Re7c7
52.Rd4d6 Kg7
53.Rd6d4 Kf6
54.Rd4d6 Kf7
55.Rd6d4 Ke6
56.Rd4d6 Kf7
57.Rd6d4 Rc7e7
58.Rd4c4 Kf6
59.Rc4d4 Ke5
60.Rd4d2 Re7f7
61.Rd2d6 Rf7f6
62.Rd6d7 f4
63.Rd7xb7 fxg3
64.Kxg3 Rf6f4
65.Rb7b6 Kd5
66.a5 Kc4
67.Rb6xa6 Kxb4
68.Ra6xc6 Kxa5
69.Rc6g6 Rf4f5
70.Kxg4 Rf5xc5
71.Rg6xg5 Kb5
72.Rg5xc5 Kxc5
73.Kf5 { abandon }1-0

[Event "Tournoi n27457"]
[Site "www.echecsemail.com"]
[Date "2026.02.13"]
[Round "1"]
[White "Nicadria22"]
[Black "Wenoketo"]
[WhiteElo "1900"]
[BlackElo "1740"]
[Result "1-0"]
1.e4 c6
2.Ng1f3 e6
3.d4 d5
4.exd5 cxd5
5.Bf1d3 Nb8d7
6.Bc1g5 Bf8e7
7.Bg5xe7 Ng8xe7
8.Nf3g5 h6
9.Ng5f3 O-O
10.O-O b6
11.Nb1d2 Bc8b7
12.Rf1e1 Ra8c8
13.c3 Ne7c6
14.Nf3e5 Nc6xe5
15.dxe5 Qd8c7
16.Nd2f3 Qc7b8
17.Bd3b5 Nd7c5
18.Nf3d4 a6
19.Bb5f1 Rc8c7
20.Re1e3 Rf8c8
21.Qd1h5 Nc5e4
22.Ra1d1 Bb7c6
23.Bf1xa6 Rc8d8
24.Ba6e2 Bc6b7
25.Be2d3 Ne4c5
26.Bd3c2 Bb7a6
27.b4 Nc5d7
28.b5 Ba6b7
29.Re3g3 Kh8
30.Qh5xf7 Rd8g8
31.Nd4xe6 Nd7xe5
32.Qf7xc7 { abandon }1-0

[Event "Tournoi n27448"]
[Site "www.echecsemail.com"]
[Date "2026.02.13"]
[Round "1"]
[White "Legros"]
[Black "Wenoketo"]
[WhiteElo "1780"]
[BlackElo "1720"]
[Result "1-0"]
1.e4 c6
2.Ng1f3 e6
3.c3 Ng8f6
4.e5 Nf6d5
5.d4 Bf8e7
6.Bf1c4 O-O
7.O-O Nd5b6
8.Bc4b3 d5
9.Bc1f4 Nb8d7
10.Nb1d2 h6
11.Bb3c2 c5
12.Nd2b3 c4
13.Nb3d2 a5
14.a4 Nd7b8
15.Qd1b1 Bc8d7
16.b3 cxb3
17.Bc2xb3 Nb8c6
18.c4 dxc4
19.Nd2xc4 Nb6xc4
20.Bb3xc4 Nc6b4
21.Qb1b3 Bd7c6
22.Rf1d1 Qd8c8
23.Ra1c1 Qc8d7
24.Nf3e1 Nb4d5
25.Bc4xd5 Bc6xd5
26.Qb3b5 Qd7xb5
27.axb5 b6
28.Ne1c2 Ra8c8
29.Nc2e3 Rc8xc1
30.Rd1xc1 Be7b4
31.Ne3xd5 exd5
32.Rc1c6 g5
33.Bf4c1 Rf8b8
34.Rc6xh6 Bb4c3
35.Bc1xg5 Bc3xd4
36.Bg5f6 Bd4xe5
37.Rh6h8 1-0

[Event "Défi"]
[Site "www.echecsemail.com"]
[Date "2026.02.13"]
[Round "1"]
[White "Vvvv"]
[Black "Kawa750"]
[WhiteElo "1680"]
[BlackElo "1730"]
[Result "1-0"]
1.e4 c5
2.Ng1f3 Nb8c6
3.Nb1c3 a6
4.d4 cxd4
5.Nf3xd4 e6
6.Nd4f3 Bf8b4
7.Bf1e2 Bb4xc3
8.bxc3 Ng8e7
9.O-O O-O
10.Bc1a3 d5
11.exd5 Ne7xd5
12.Ba3xf8 Qd8xf8
13.Qd1d3 b5
14.c4 Nd5f4
15.Qd3e4 Nf4xe2
16.Qe4xe2 b4
17.Nf3e5 Nc6xe5
18.Qe2xe5 a5
19.Rf1d1 Bc8b7
20.Rd1d6 Kh8
21.Ra1d1 h6
22.Rd1d4 Ra8c8
23.Qe5xa5 Kh7
24.Qa5xb4 Qf8e7
25.Qb4d2 Qe7f6
26.f3 Rc8c5
27.Rd4f4 Qf6a1
28.Qd2d1 Qa1xa2
29.Qd1d3 f5
30.Rd6xe6 Bb7c8
31.Rf4xf5 Qa2a1
32.Kf2 Bc8xe6
33.Rf5xc5 Kg8
34.Qd3d8 Kh7
35.Rc5a5 Qa1c3
36.Qd8d3 Qc3xd3
37.cxd3 { abandon }1-0

[Event "Tournoi n27456"]
[Site "www.echecsemail.com"]
[Date "2026.02.13"]
[Round "1"]
[White "Abelito"]
[Black "Jlr"]
[WhiteElo "1530"]
[BlackElo "1430"]
[Result "1-0"]
1.d4 d5
2.b3 Ng8f6
3.Ng1f3 Nf6e4
4.e3 c6
5.Nf3e5 g6
6.c4 Qd8a5
7.Bc1d2 Ne4xd2
8.Nb1xd2 f6
9.Ne5f3 c5
10.Bf1d3 dxc4
11.bxc4 f5
12.d5 e6
13.O-O Qa5a3
14.Nd2b1 Qa3b2
15.Nb1d2 exd5
16.Rf1e1 d4
17.e4 Bf8e7
18.Re1e2 fxe4
19.Nd2xe4 Qb2b6
20.Ra1b1 Qb6a6
21.Nf3g5 h6
22.Ne4xc5 Qa6f6
23.Nc5e4 Bc8g4
24.Ne4xf6 Kd8
25.Ng5e6 Kc8
26.Nf6xg4 h5
27.Ng4e5 Be7d6
28.Ne5xg6 b6
29.Ng6xh8 Kb7
30.c5 Nb8c6
31.Nh8f7 Bd6e7
32.Qd1a4 b5
33.Qa4a3 a6
34.Bd3e4 b4
35.Rb1xb4 Kc8
36.Be4xc6 d3
37.Re2d2 Ra8a7
38.Rd2xd3 Be7xc5
39.Ne6xc5 Ra7xf7
40.Qa3xa6 Kc7
41.Nc5e6 1-0

[Event "Memorial Lara CIV"]
[Site "www.echecsemail.com"]
[Date "2026.02.13"]
[Round "1"]
[White "Leredoutable"]
[Black "Alain64"]
[WhiteElo "1740"]
[BlackElo "2090"]
[Result "0-1"]
1.e4 c5
2.Bf1c4 e6
3.Nb1c3 a6
4.a3 Nb8c6
5.Ng1f3 Ng8f6
6.e5 Nf6g4
7.Qd1e2 d5
8.exd6 Bf8xd6
9.Nc3d5 O-O
10.Nd5e3 e5
11.Ne3d5 Nc6d4
12.Qe2d1 e4
13.Nf3xd4 cxd4
14.O-O Bd6xh2
15.Kh1 Qd8h4
16.Qd1xg4 Bc8xg4
17.f4 Bh2g3
{ abandon }0-1

[Event "Tournoi n27459"]
[Site "www.echecsemail.com"]
[Date "2026.02.13"]
[Round "1"]
[White "Hermite"]
[Black "Tiounet"]
[WhiteElo "1540"]
[BlackElo "1630"]
[Result "1-0"]
1.e4 a6
2.Ng1f3 b5
3.b3 Bc8b7
4.d3 g6
5.Bc1b2 Ng8f6
6.c4 bxc4
7.bxc4 Bf8g7
8.Bf1e2 O-O
9.Nb1d2 d6
10.O-O Nb8d7
11.Qd1b3 Nd7c5
12.Qb3b4 Ra8b8
13.Qb4a3 Qd8d7
14.d4 Nc5xe4
15.Qa3e3 Ne4xd2
16.Qe3xd2 Nf6e4
17.Qd2c2 c5
18.d5 Bg7xb2
19.Qc2xb2 Bb7xd5
20.Qb2c2 Rb8b7
21.cxd5 Ne4f6
22.Qc2c4 a5
23.Rf1e1 Qd7f5
24.Ra1d1 Rb7b4
25.Qc4c3 Nf6xd5
26.Qc3a3 Nd5f4
27.Qa3xa5 Nf4xe2
28.Re1xe2 Rf8b8
29.Qa5c7 Rb8c8
30.Qc7xe7 Rb4b6
31.h3 d5
32.Re2e5 Qf5c2
33.Re5xd5 Rb6b1
34.Rd1xb1 Qc2xb1
35.Kh2 Qb1b4
36.Qe7f6 c4
37.Rd5d7 c3
38.Qf6xf7 { abandon }1-0

[Event "Memorial Lara CIV"]
[Site "www.echecsemail.com"]
[Date "2026.02.13"]
[Round "1"]
[White "Alain64"]
[Black "Pgo"]
[WhiteElo "2090"]
[BlackElo "1710"]
[Result "1-0"]
1.b3 e5
2.Bc1b2 Nb8c6
3.e3 Bf8c5
4.Bf1b5 d6
5.d4 exd4
6.exd4 Bc5b6
7.d5 a6
8.Bb5xc6 bxc6
9.Bb2xg7 Qd8h4
10.Qd1e2 Ng8e7
11.Bg7xh8 Bc8g4
12.Ng1f3 Bg4xf3
13.gxf3 O-O-O
14.dxc6 Ne7xc6
15.Bh8b2 Qh4e7
16.Qe2xe7 Nc6xe7
17.Nb1d2 Rd8e8
18.O-O-O Ne7f5
19.Nd2e4 Nf5h4
20.Rh1e1 Nh4xf3
21.Ne4xd6 cxd6
22.Re1xe8 Kd7
23.Re8h8 Nf3g5
24.Bb2a3 Bb6c7
25.h4 Ng5e4
26.Rh8xh7 Ke6
27.f3 Ne4c3
28.Rd1d3 Nc3e2
29.Kd2 Ne2f4
30.Rd3c3 Bc7a5
31.b4 Ba5b6
32.Rc3c6 Nf4d5
33.Rh7h6 f6
34.Ke1 Kd7
35.Rc6c4 Nd5e3
36.Rh6h7 Ke6
37.Rc4c6 Ne3d5
38.c4 Nd5xb4
39.Ba3xb4 Bb6e3
40.Rc6xd6 Kf5
41.Rd6xa6 { abandon }1-0

[Event "Tournoi n27419"]
[Site "www.echecsemail.com"]
[Date "2026.02.13"]
[Round "1"]
[White "Bonamur"]
[Black "Tartu"]
[WhiteElo "1770"]
[BlackElo "1720"]
[Result "1-0"]
1.d4 Ng8f6
2.Ng1f3 d5
3.c4 dxc4
4.Nb1c3 a6
5.a4 Bc8g4
6.e3 e6
7.Bf1xc4 c6
8.O-O Bf8e7
9.Rf1e1 O-O
10.e4 Nb8d7
11.Bc1e3 h6
12.h3 Bg4xf3
13.Qd1xf3 b5
14.axb5 cxb5
15.Bc4b3 Be7b4
16.Re1c1 Ra8c8
17.e5 Nf6h7
18.Qf3g3 Kh8
19.Nc3e4 Rc8xc1
20.Ra1xc1 a5
21.Bb3a2 Rf8g8
22.Ba2b1 f5
23.exf6 Nh7xf6
24.Ne4xf6 Nd7xf6
25.Qg3h4 Nf6h7
26.Qh4e4 Nh7f6
27.Qe4xe6 Rg8e8
28.Qe6f5 Qd8d7
29.Qf5g6 Qd7d6
30.Bb1a2 Qd6e7
31.Be3f4 Re8f8
32.Rc1c7 Nf6d7
33.Bf4e5 Nd7xe5
34.dxe5 Qe7xe5
35.Ba2b1 Qe5e1
36.Kh2 Bb4d6
37.Qg6xd6 Rf8xf2
38.Rc7c8 { abandon }1-0

[Event "Défi"]
[Site "www.echecsemail.com"]
[Date "2026.02.13"]
[Round "1"]
[White "Intrigue"]
[Black "Manulatus"]
[WhiteElo "1750"]
[BlackElo "1920"]
[Result "0-1"]
1.e4 e6
2.d4 d5
3.Nb1c3 Ng8f6
4.Bc1g5 dxe4
5.Nc3xe4 Bf8e7
6.Ne4xf6 Be7xf6
7.Bg5xf6 Qd8xf6
8.Ng1f3 O-O
9.Bf1e2 Bc8d7
10.O-O Bd7c6
11.c3 Nb8d7
12.Rf1e1 Nd7b6
13.b3 Ra8d8
14.c4 Nb6c8
15.h3 b6
16.Qd1c2 Nc8e7
17.Ra1d1 Rf8e8
18.Nf3e5 Bc6b7
19.Ne5g4 Qf6g5
20.Qc2d2 Qg5xd2
21.Rd1xd2 Ne7g6
22.Re1d1 Ng6f4
23.f3 Nf4xe2
24.Rd2xe2 c5
25.Re2d2 Kf8
26.dxc5 Rd8xd2
27.Rd1xd2 bxc5
28.Kf2 Ke7
29.Ke3 Re8d8
30.Rd2xd8 Kxd8
31.h4 Ke7
32.g3 f6
33.f4 a5
34.h5 Bb7c8
35.Ng4f2 Kd6
36.Nf2e4 Kc6
37.g4 e5
38.f5 h6
39.Ne4c3 Bc8a6
40.Ke4 Kd6
41.Nc3d5 a4
42.Nd5e3 axb3
43.axb3 Ba6b7
44.Kd3 e4
45.Ke2 Ke5
46.Ne3d5 Bb7xd5
47.cxd5 Kxd5
48.Ke3 Ke5
49.Kf2 Kf4
50.Ke2 Kxg4
51.Ke3 Kxf5
{ abandon }0-1

[Event "Défi"]
[Site "www.echecsemail.com"]
[Date "2026.02.13"]
[Round "1"]
[White "Cocola34"]
[Black "Wenoketo"]
[WhiteElo "1600"]
[BlackElo "1690"]
[Result "0-1"]
1.e4 c6
2.a4 e6
3.h4 d5
4.f3 dxe4
5.fxe4 Bf8d6
6.Ng1e2 Nb8d7
7.c4 b6
8.d3 Qd8c7
9.Bc1e3 Nd7e5
10.Be3f2 Ne5g4
11.g3 Ng4xf2
12.Kxf2 Ng8f6
13.Rh1g1 Nf6g4
14.Ke1 Bd6b4
15.Nb1c3 Bb4xc3
16.bxc3 O-O
17.Bf1h3 Ng4f6
18.Qd1d2 Rf8d8
19.Qd2e3 e5
20.Rg1h1 Bc8xh3
21.Rh1xh3 Rd8d7
22.Qe3f3 Ra8d8
23.d4 exd4
24.cxd4 Rd7e7
25.e5 Nf6d7
26.h5 Nd7f8
27.g4 h6
28.Ne2g3 Rd8xd4
29.Ng3e2 Qc7xe5
30.Ra1a2 Rd4xc4
31.Kf2 Qe5c5
32.Kf1 Nf8d7
33.Rh3g3 Nd7e5
34.Qf3f5 f6
35.Qf5c8 Kf7
36.Qc8f5 Qc5b4
37.Ra2a1 Re7d7
38.Kg2 Rd7d2
39.Rg3e3 Rc4c2
40.Ra1e1 Qb4b2
41.Re3xe5 Qb2xe5
42.Qf5g6 Kg8
43.Qg6f5 Qe5xf5
44.gxf5 Rd2xe2
45.Kf1 Re2f2
46.Kg1 Rf2xf5
47.Re1e6 Rf5d5
48.Kf1 Rd5xh5
49.Re6e8 Kf7
50.Re8e2 Rc2c1
51.Kf2 c5
52.Kf3 c4
53.Ke3 Rh5e5
54.Kf3 Rc1c3
55.Kf2 Re5xe2
56.Kxe2 Rc3a3
{ abandon }0-1

[Event "Coupe Niveau 5"]
[Site "www.echecsemail.com"]
[Date "2026.02.13"]
[Round "1"]
[White "Alain64"]
[Black "Abc47"]
[WhiteElo "2080"]
[BlackElo "2150"]
[Result "0-1"]
1.f4 d5
2.Ng1f3 Ng8f6
3.e3 Bc8g4
4.b3 e6
5.Bc1b2 Bf8d6
6.Bf1e2 O-O
7.O-O Bg4xf3
8.Be2xf3 c5
9.c4 Nb8c6
10.d4 Nf6e4
11.Bf3xe4 dxe4
12.Nb1c3 cxd4
13.exd4 f5
14.Kh1 Nc6e7
15.d5 exd5
16.Nc3xd5 Bd6c5
17.Qd1e1 Ne7xd5
18.Ra1d1 Qd8e7
19.Rd1xd5 Ra8d8
20.Qe1d1 Rd8xd5
21.Qd1xd5 Kh8
22.h3 b6
23.Rf1d1 h6
24.Qd5d7 Rf8e8
25.Bb2e5 Qe7xd7
26.Rd1xd7 Re8e7
27.Rd7xe7 Bc5xe7
28.Kg1 Kg8
29.Kf2 Kf7
30.g4 g6
31.Be5c3 Ke6
32.b4 a6
33.a4 Kd7
34.b5 axb5
35.axb5 Be7c5
36.Ke2 Ke6
37.Bc3g7 fxg4
38.hxg4 h5
39.gxh5 gxh5
40.Bg7c3 Kf5
41.Bc3d2 h4
42.Bd2e3 Bc5xe3
43.Kxe3 h3
44.Kf2 e3
45.Kxe3 h2
{ abandon }0-1

[Event "Eq:Fair play-LES CHATTERBOX :"]
[Site "www.echecsemail.com"]
[Date "2026.02.13"]
[Round "1"]
[White "Onetwoyve"]
[Black "Warriorette"]
[WhiteElo "1890"]
[BlackElo "2100"]
[Result "0-1"]
1.e4 e5
2.Ng1f3 Nb8c6
3.Bf1b5 Ng8f6
4.Bb5xc6 dxc6
5.d3 Bf8c5
6.b3 Bc8g4
7.Nb1d2 O-O
8.h3 Bg4e6
9.Bc1b2 Qd8e7
10.Nf3xe5 Ra8d8
11.Qd1e2 Bc5d4
12.Bb2xd4 Rd8xd4
13.c3 Rd4d8
14.g4 Rf8e8
15.f4 Be6c8
16.O-O-O Qe7a3
17.Kb1 Qa3c5
18.g5 Nf6d7
19.Ne5xd7 Rd8xd7
20.c4 b5
21.Kb2 Qc5d4
22.Kc2 Qd4d6
23.f5 Rd7e7
24.Qe2g2 a5
25.h4 a4
26.h5 Qd6a3
27.Kb1 bxc4
28.Nd2xc4 Qa3b4
29.Qg2c2 Bc8a6
30.a3 axb3
31.axb4 bxc2
32.Kxc2 Ba6xc4
33.dxc4 Re7xe4
34.Kc3 Re4g4
35.Rh1g1 Rg4h4
36.h6 Re8e3
37.Rd1d3 Re3xd3
38.Kxd3 gxh6
39.gxh6 Kf8
40.Rg1e1 Rh4xh6
41.Kd4 Rh6d6
42.Kc5 h5
43.Re1h1 Rd6h6
44.b5 cxb5
45.Kxb5 Ke7
46.f6 Kd7
47.Rh1d1 Kc8
48.Rd1f1 h4
49.Kc5 h3
50.Rf1h1 Kd7
51.Kd5 Rh6h5
52.Ke4 Ke6
{ abandon }0-1

[Event "Coupe Niveau 2"]
[Site "www.echecsemail.com"]
[Date "2026.02.13"]
[Round "1"]
[White "Domenico"]
[Black "Patau"]
[WhiteElo "1820"]
[BlackElo "1730"]
[Result "1/2-1/2"]
1.e4 e5
2.Bf1c4 c6
3.Ng1f3 d5
4.exd5 cxd5
5.Bc4b3 Nb8c6
6.d3 Ng8f6
7.O-O h6
8.Bc1d2 Bc8g4
9.Rf1e1 Bf8c5
10.a3 O-O
11.c3 Rf8e8
12.Bd2e3 Qd8d6
13.Be3xc5 Qd6xc5
14.d4 exd4
15.Re1xe8 Ra8xe8
16.Nb1d2 dxc3
17.bxc3 Qc5xc3
18.Ra1c1 Bg4xf3
19.Nd2xf3 Qc3b2
20.Bb3c2 Qb2xa3
21.Bc2f5 Nc6e5
22.Nf3xe5 Re8xe5
23.Rc1c8 Re5e8
24.Rc8xe8 Nf6xe8
25.h3 Qa3d6
26.Bf5g4 Ne8f6
27.Qd1a4 Nf6xg4
28.Qa4xg4 Qd6e6
29.Qg4a4 a6
30.Qa4c2 b5
31.Qc2c7 f5
32.Qc7d8 Kh7
33.g3 g5
34.Qd8c7 Kg6
35.h4 gxh4
36.gxh4 h5
37.Qc7b7 f4
38.Qb7c7 Qe6g4
39.Kf1 f3
40.Qc7c6 Kg7
41.Qc6b7 Kf8
42.Qb7a8 Kg7
43.Qa8b7 Kf6
44.Qb7xa6 Ke5
45.Qa6a1 Qg4d4
46.Qa1e1 Qd4e4
47.Qe1c3 Qe4d4
48.Qc3xf3 Qd4f4
49.Qf3xh5 Ke4
50.Qh5e2 Kd4
51.Qe2xb5 Qf4c1
52.Ke2 Qc1c4
53.Qb5xc4 dxc4
54.Kd2 Ke4
55.h5 Kf5
56.h6 Kg6
57.h7 Kxh7
58.Kc3 Kg6
59.Kxc4 Kf5
60.Kd3 Kf4
61.Ke2 Ke4
62.f3 Kf4
63.Kf2 Kf5
64.Ke3 Ke5
65.f4 Kf5
66.Kf3 Kf6
67.Kg4 Kg6
68.f5 Kf6
69.Kf4 Kf7
70.Kg5 Kg7
71.f6 Kf7
72.Kf5 Kf8
73.Kg5 Kf7
74.Kf5 Kf8
75.Kg5 Kf7
76.Kf5 1/2-1/2

[Event "Gisèle 2"]
[Site "www.echecsemail.com"]
[Date "2026.02.13"]
[Round "1"]
[White "Woluwe1975"]
[Black "Turbo"]
[WhiteElo "1680"]
[BlackElo "1360"]
[Result "1-0"]
1.f4 e5
2.fxe5 Nb8c6
3.Ng1f3 d6
4.e4 h6
5.Bf1b5 Bc8d7
6.d4 a6
7.Bb5xc6 bxc6
8.b3 f6
9.O-O dxe5
10.dxe5 fxe5
11.Nf3xe5 Ng8f6
12.Rf1xf6 Qd8xf6
13.Qd1xd7 1-0

[Event "Tournoi n27465"]
[Site "www.echecsemail.com"]
[Date "2026.02.13"]
[Round "1"]
[White "Leredoutable"]
[Black "Wenoketo"]
[WhiteElo "1740"]
[BlackElo "1740"]
[Result "1-0"]
1.e4 c6
2.Ng1f3 e6
3.e5 d5
4.d4 Nb8d7
5.c4 dxc4
6.Bf1xc4 Nd7b6
7.Bc4b3 Ng8e7
8.Nb1c3 Ne7g6
9.O-O Bf8e7
10.Bc1f4 Ng6xf4
11.Rf1e1 O-O
12.Qd1c2 Nf4d5
13.a3 Nd5xc3
14.bxc3 Bc8d7
15.Qc2d3 h6
16.Re1e4 Bd7c8
17.Re4g4 Kh8
18.Rg4g3 c5
19.Bb3c2 cxd4
20.Qd3h7 1-0

[Event "Défi"]
[Site "www.echecsemail.com"]
[Date "2026.02.13"]
[Round "1"]
[White "Cocola34"]
[Black "Jipepe"]
[WhiteElo "1630"]
[BlackElo "1430"]
[Result "1-0"]
1.e4 e5
2.h4 Bf8e7
3.g3 d5
4.f3 Ng8f6
5.Bf1g2 O-O
6.d3 d4
7.a3 Nb8c6
8.b4 a5
9.b5 Nc6a7
10.a4 Be7b4
11.Bc1d2 Bc8e6
12.Bd2xb4 axb4
13.Qd1d2 c5
14.Ng1e2 Na7xb5
15.O-O Nf6d7
16.f4 Ra8a7
17.f5 Be6xf5
18.exf5 Qd8a8
19.Qd2g5 f6
20.Qg5h5 Nb5c3
21.Nb1xc3 bxc3
22.Bg2d5 Kh8
23.Bd5e6 Nd7b6
24.Qh5f3 Rf8b8
25.g4 Ra7xa4
26.Ra1b1 Qa8a6
27.h5 c4
28.Qf3e4 cxd3
29.Be6b3 dxc2
30.Qe4xc2 d3
31.Qc2xc3 Ra4a3
32.Ne2g3 Rb8c8
33.Qc3d2 Nb6d7
34.Bb3e6 Rc8c2
35.Qd2b4 Nd7c5
36.Rf1f2 Ra3a4
37.Qb4e1 Nc5xe6
38.Rb1d1 Ne6c5
39.Rf2xc2 dxc2
40.Rd1d8 1-0

[Event "Tournoi n27403"]
[Site "www.echecsemail.com"]
[Date "2026.02.13"]
[Round "1"]
[White "Tiounet"]
[Black "Pitouwb"]
[WhiteElo "1600"]
[BlackElo "1570"]
[Result "0-1"]
1.a3 e5
2.b4 d5
3.Bc1b2 d4
4.Ng1f3 Bf8d6
5.g3 Ng8f6
6.Bf1g2 Nb8d7
7.O-O e4
8.Nf3xd4 O-O
9.Nb1c3 Rf8e8
10.e3 Ra8b8
11.Nd4b5 Bd6e5
12.Ra1b1 a6
13.Nb5d4 Nd7b6
14.Nc3xe4 Nb6a4
15.c4 Na4xb2
16.Ne4xf6 Qd8xf6
17.Rb1xb2 Be5xd4
18.exd4 Qf6xd4
19.Rb2c2 Bc8e6
20.c5 Be6b3
21.Qd1c1 Bb3xc2
22.Qc1xc2 Re8e2
23.Bg2f3 Re2xd2
24.Qc2c1 c6
25.Bf3g2 Rb8d8
26.Bg2f3 Qd4d3
27.Kg2 Rd2c2
28.Qc1a1 Rc2c3
29.Bf3g4 Qd3e4
30.Kg1 Rc3d3
31.Bg4h3 Qe4e2
32.Rf1e1 Rd3d1
{ abandon }0-1

[Event "Tournoi n27465"]
[Site "www.echecsemail.com"]
[Date "2026.02.13"]
[Round "1"]
[White "Verson"]
[Black "Tiounet"]
[WhiteElo "1810"]
[BlackElo "1600"]
[Result "1-0"]
1.d4 b5
2.Ng1f3 Bc8b7
3.e3 a6
4.Bf1d3 g6
5.c3 Bf8g7
6.e4 Ng8f6
7.O-O Nf6xe4
8.Bc1f4 Ne4f6
9.Nb1d2 O-O
10.Rf1e1 d6
11.Nd2e4 Nb8d7
12.Qd1d2 c5
13.Bf4h6 Nf6xe4
14.Bd3xe4 Bb7xe4
15.Re1xe4 cxd4
16.Nf3xd4 Rf8e8
17.Ra1e1 Bg7h8
18.Nd4c6 Qd8b6
19.Re4xe7 Re8xe7
20.Nc6xe7 1-0

[Event "Tournoi n27454"]
[Site "www.echecsemail.com"]
[Date "2026.02.13"]
[Round "1"]
[White "Leredoutable"]
[Black "Wenoketo"]
[WhiteElo "1740"]
[BlackElo "1730"]
[Result "0-1"]
1.e4 c6
2.f4 e6
3.Ng1f3 d5
4.exd5 cxd5
5.c4 dxc4
6.Bf1xc4 Bc8d7
7.O-O Bf8c5
8.d4 Bc5b6
9.Nb1c3 Ng8e7
10.Nf3e5 Bd7c8
11.Bc1e3 Nb8c6
12.Qd1h5 Nc6xe5
13.Qh5xe5 O-O
14.Nc3e4 Ne7f5
15.Ra1e1 Nf5xe3
16.Re1xe3 Bb6xd4
17.Qe5h5 Bd4xe3
18.Kh1 Qd8d4
19.Ne4g5 h6
20.Ng5xe6 fxe6
21.Bc4e2 b6
22.Rf1d1 Qd4xf4
23.Be2d3 Qf4g5
24.Qh5f3 Rf8xf3
25.gxf3 Bc8b7
26.Bd3e2 Ra8f8
27.Rd1f1 Rf8f4
28.h3 Qg5f5
29.Kh2 Bb7xf3
30.Be2xf3 Rf4xf3
31.Rf1xf3 Qf5xf3
{ abandon }0-1

[Event "Memorial Lara CIV"]
[Site "www.echecsemail.com"]
[Date "2026.02.13"]
[Round "1"]
[White "Tartu"]
[Black "Alain64"]
[WhiteElo "1730"]
[BlackElo "2090"]
[Result "1-0"]
1.e4 c5
2.Ng1f3 e6
3.d4 cxd4
4.Nf3xd4 a6
5.c4 Qd8c7
6.Nb1c3 Ng8f6
7.Bc1e3 Bf8b4
8.Bf1d3 d5
9.exd5 exd5
10.Qd1a4 Nb8c6
11.Nd4xc6 Bb4xc3
12.bxc3 Qc7xc6
13.Qa4xc6 bxc6
14.Be3c5 Bc8e6
15.cxd5 Be6xd5
16.O-O O-O-O
17.Bd3xa6 Kc7
18.a4 Nf6e4
19.Bc5b4 Rd8a8
20.Ba6d3 Rh8e8
21.c4 c5
22.Bb4e1 Bd5c6
23.a5 f5
24.f3 Ne4f6
25.Bd3xf5 g6
26.Be1g3 Kb7
27.Rf1b1 Ka7
28.Rb1b6 gxf5
29.Rb6xc6 Nf6d7
30.Rc6c7 Ka6
31.Rc7xd7 h5
32.h4 Re8g8
33.Rd7d6 Ka7
34.Ra1e1 Rg8g7
35.Re1e6 Ra8g8
36.Rd6a6 Kb7
37.Re6b6 Kc8
38.Ra6a8 Kd7
39.Ra8xg8 Rg7xg8
40.Kh2 Rg8a8
41.Rb6b5 Ra8c8
42.Bg3f2 Kd6
43.a6 Rc8c7
44.a7 Rc7c8
45.Bf2xc5 { abandon }1-0

[Event "Défi"]
[Site "www.echecsemail.com"]
[Date "2026.02.13"]
[Round "1"]
[White "Roger72"]
[Black "Whisky"]
[WhiteElo "1320"]
[BlackElo "1330"]
[Result "0-1"]
1.e4 d5
2.e5 e6
3.d4 c5
4.Bf1b5 Bc8d7
5.Qd1e2 c4
6.Nb1a3 Bf8xa3
7.Bb5xd7 Nb8xd7
8.bxa3 f6
9.Ng1f3 f5
10.Bc1g5 Qd8c8
11.c3 b5
12.O-O h6
13.Bg5h4 g5
14.Bh4xg5 hxg5
15.Nf3xg5 Ke7
16.Rf1e1 Qc8e8
17.Ra1b1 Ng8h6
18.Rb1xb5 Nd7b6
19.a4 Nb6xa4
20.Rb5b7 Kf8
21.Qe2d1 Na4xc3
22.Qd1c2 Nc3e4
23.Ng5f3 c3
24.Qc2b3 Nh6f7
25.Qb3b4 Kg7
26.Re1b1 Kg6
27.Rb7e7 Qe8f8
28.Re7xe6 Kg7
{ abandon }0-1